| 000 | 01292cam a2200217 4500 | ||
|---|---|---|---|
| 001 | WB3705-28 | ||
| 008 | 000000n2001 000 0 eng u | ||
| 035 | _a(Sirsi) u110731 | ||
| 245 | _aBusiness Lease: statutory compensation | ||
| 260 | _c2001 | ||
| 490 |
_aEstates Gazette Case Summaries _v[2001] EGCS 6 (27/01/01) (1) |
||
| 520 | _a"London Baggage Co v Railtrack plc (No 2)" ChD 19 December 2000. In October 1994 A signed a tenancy agreement which excluded statutory compensation from landlord (B) where the period of business occupation was less than five years. In February 1998 B served a notice stating that the unit was required for redevelopment. The protected tenancy terminated on 29 September 1998, but A remained in occupation as a tenant at will, and finally quit the premises in May 2000. A claimed compensation on the grounds that the relevant period was five years and seven months, when it had physically quit the premises. The judge ruled for B. | ||
| 590 | _aWB | ||
| 650 | _aLANDLORD AND TENANT ACT 1954 S37 | ||
| 650 | _aSTATUTORY COMPENSATION | ||
| 650 | _aBUSINESS LEASES | ||
| 650 | _aTERMINATION | ||
| 650 | _aLONDON BAGGAGE CO (CHARING CROSS) LTD V RAILTRACK PLC (NO 2) | ||
| 690 | _aLANDLORD AND TENANT-BUSINESS TENANCIES-CASE LAW | ||
| 942 | _n0 | ||
| 999 |
_c65997 _d65997 |
||